al-Madkhal ilá tārīkh al-Sūdān al-qadīm /

محفوظ في:

المؤلف الرئيسي: Bakr, Muḥammad Ibrāhīm (مؤلف)

التنسيق: كتاب

اللغة: Arabic

منشور في: [Cairo] : al-Maṭbaʻah al-Fannīyah al-Ḥadīthah, 1968.

الموضوعات:

الوسوم: إضافة وسم

لا توجد وسوم, كن أول من يضع وسما على هذه التسجيلة!

رقم الطلب: DT108.1 .B3 1968

LEADER 01062nam a2200229Ia 4500
003 OSt
005 20230709083138.0
008 130303s1968 ua a 000 0 ara d
952 |0 0  |1 0  |2 lcc  |4 0  |6 DT01081 B3 01968  |7 1  |9 49157  |a ARCE  |b ARCE  |d 2023-07-09  |l 0  |o DT108.1 .B3 1968  |p 1023884  |r 2023-07-09 00:00:00  |w 2023-07-09  |y BK 
999 |c 25786  |d 25786 
040 |c ARCE Library 
043 |a f-sj--- 
050 4 |a DT108.1 .B3 1968 
100 1 |6 880-01  |a Bakr, Muḥammad Ibrāhīm,  |e author 
245 1 3 |6 880-02  |a al-Madkhal ilá tārīkh al-Sūdān al-qadīm /   |c taʼlīf Muḥammad Ibrāhīm Bakr. 
264 1 |a [Cairo] :  |b al-Maṭbaʻah al-Fannīyah al-Ḥadīthah,  |c 1968. 
300 |a 126 pages :   |b illustrations ;   |c 25 cm. 
651 0 |a Sudan  |x History  |y To 1821. 
880 1 |6 100-01/(3/r  |a بكر، محمد إبراهيم.‪‪‪‪‪‪‪‪‪‪‪‪‪‪‪‪ 
880 1 2 |6 245-02/(3/r  |a المدخل الى تاريخ السودان القديم   |c محمد إبراهيم بكر.‪‪‪‪‪‪‪‪‪‪‪‪‪‪‪‪ 
901 |a reviewed 
942 |c BK  |2 lcc